Statistics for States the U.S. Route 20 Passes through - With a Map

Click here to take the quiz!

General Stats

  • This quiz has been taken 380 times
  • The average score is 11 of 12

Answers on the Map

Answers color-coded by a green-red scale on the quiz's map according to % correct below.
 

Answer Stats

State% Correct
New York
98%
Idaho
94%
Oregon
94%
Ohio
92%
Wyoming
92%
Indiana
91%
Pennsylvania
91%
Illinois
90%
Iowa
90%
Massachusetts
89%
Montana
89%
Nebraska
89%

Score Distribution

Percentile by Number Answered

Percent of People with Each Score

Your Score History

You have not taken this quiz